On the Efficiency of Steel Sectors in EU Member Countries

V príspevku je skúmaná efektívnosť oceliarskych sektorov členských štátov EÚ pomocou metódy PROMETHEE, ktorá poskytuje jasné grafické znázornenie výsledkov. Cieľom je porovnať efektívnosť oceliarskeho priemyslu EÚ.

Salvato in:
Dettagli Bibliografici
Autore principale: Zapletal, František
Altri autori: Herrera-Viedma, Enrique
Natura: Capitolo di libro
Lingua:inglese
Soggetti:
Tags: Aggiungi Tag
Nessun Tag, puoi essere il primo ad aggiungerne!!

MARC

LEADER 00000naa a2200000 4500
001 0284597
005 20240417075207.5
041 0 |a eng 
044 |a CZ 
245 1 0 |a On the Efficiency of Steel Sectors in EU Member Countries  |c František Zapletal, Enrique Herrera-Viedma 
520 |a V príspevku je skúmaná efektívnosť oceliarskych sektorov členských štátov EÚ pomocou metódy PROMETHEE, ktorá poskytuje jasné grafické znázornenie výsledkov. Cieľom je porovnať efektívnosť oceliarskeho priemyslu EÚ. 
610 2 0 |a priemysel 
610 2 0 |a prostredie životné 
610 2 0 |a efektívnosť 
610 2 0 |a Európska únia 
100 1 |a Zapletal, František 
700 1 |a Herrera-Viedma, Enrique